The Most Recent... EPL - Statistics

General Stats
  • This quiz has been taken 284 times
    69 since last reset
  • The average score is 14 of 20
Answer Stats
The most recent... Year Answer % Correct
Team to win the Premier League three times in a row 2021-2024 Manchester City
98%
Team to go undefeated 2003 Arsenal
97%
Team outside the traditional "Big Six" to win the Premier League 2015 Leicester City
95%
Team to win the treble (EPL, FA Cup, UCL) 2023 Manchester City
95%
Player break the single season goal scoring record 2022 Erling Haaland
91%
Team to collect 100+ points 2017 Manchester City
91%
Manager to win the Premier League in their first season 2025 Arne Slot
86%
Player to score back-to-back hattricks 2024 Erling Haaland
86%
Team to score 9 goals in a game 2022 Liverpool
84%
Manager from the United Kingdom to win a Premier League title 2013 Sir Alex Ferguson
84%
Welsh club to play in the Premier League 2018 Cardiff City
83%
Player to have 20+ goals and 20+ assists in the same season 2002 Thierry Henry
73%
Player to score in 10+ straight games 2015 Jamie Vardy
72%
Player to have 20+ assists in a season 2019 Kevin De Bruyne
72%
Player to score 5 goals in one game 2015 Sergio Aguero
59%
Team to finish with less than 20 points 2023 Sheffield United
45%
Team to lose 5+ straight times to open the season 2021 Norwich City
36%
Player to score two own goals in one game 2022 Wout Faes
30%
Team to have 40+ points and still be relegated 2002 West Ham United
23%
Stadium to host the FA Cup final besides Wembley 2006 Millennium Stadium
22%
No matching quizzes found
Score Distribution
Percent of People with Each Score
Percentile by Number Answered
Your Score History
You have not taken this quiz since the last reset